3-Letter Vocabulary (Medium) Quiz Stats

 Plays Quiz Updated Jun 23, 2017

Support Sporcle.
Go Orange.
Score 0/25 Timer 04:00
2 Plays Today
% Correct
elf
95.6%
dew
94.8%
zit
94.8%
gin
94.4%
lag
93.7%
tug
93.6%
nil
93.6%
jig
93.4%
sew
92.9%
nag
92.6%
tar
92.3%
yak
92.1%
hag
91.8%
% Correct
fir
91.7%
ewe
90.8%
don
90.1%
spa
90%
sow
89.3%
jut
88.5%
yam
88.1%
bog
88.1%
gel
88%
nit
87.7%
sap
82.4%
wag
78.4%

You're not logged in!

Compare scores with friends on all Sporcle quizzes.
OR
Log In
Forgot?

From the Vault

Beginning Song Titles

by MovieGuru

All this quiz is missing is a mean saxophone solo.
Remove Ads.
Support Sporcle.
Get the best of Sporcle when you Go Orange. This ad-free experience offers more features, more stats, and more fun while also helping to support Sporcle. Thank you for becoming a member.

Show Comments

Extras

Top Quizzes Today


Score Distribution

Your Account Isn't Verified!

In order to create a playlist on Sporcle, you need to verify the email address you used during registration. Go to your Sporcle Settings to finish the process.

Report this User

Report this user for behavior that violates our Community Guidelines.

Details: